00725nam a22002057a 450000500170000001000150001702000270003203500130005903700130007208200100008510000220009524500630011726000390018027000570021930000250027650000500030194200240035199900190037595201250039420160704115713.0 aENG-115364 a9788178441863c1495.00 aEN-98896 bDBAD/PUB a301.1 aManoj Kumar Singh aIntroduction to social psychology /cby Manoj Kumar Singh  aNew DelhibK.K. Publicationsc2014 a4806/24,Bharat Ram Road,DaryaganjbNew Delhie110002 aviii,288p.c22cm(Hb) aIncludes bibliographical references and index 2ddccENmMANh301.1 c101130d101130 001040718NFICaDBADbDBADd2016-07-04eDBAD/PUBg1495.00l0o301.1 MANpEN-98896r2016-07-04 00:00:00t1v1495.00yEN